000
00310 a2200133 4500
001
121298
020
_a
9781557999412
040
_c
Escola Canadense de Niteroi
100
_a
Kristen Kunkel
245
1
0
_a
Nonfiction Reading Practice Grade 2
250
_a
1 ed
650
4
_a
Education, Bilingual
942
_c
BK
999
_c
121298
_d
121298